Las energías renovables (Registro nro. 588)
[ vista simple ]
| 000 -Cabecera | |
|---|---|
| Campo de control de longitud fija | 00649aam a2200265 4500 |
| 005 - Fecha y hora de la última transacción | |
| Campo de control | 20240319181554.0 |
| 008 - Elementos de longitud fija--Información general | |
| Campo de control de longitud fija | 150818b1981 xxu||||| |||| 00| 0 spa d |
| 020 ## - International Standard Book Number | |
| Número Internacional Estándar del Libro (ISBN) | 8424156684 |
| 041 ## - Idioma | |
| Código de idioma | Español |
| 082 ## - Clasificación Decimal Dewey | |
| Número de clasificación | 333.794 C114e |
| 100 ## - Entrada principal--Autor personal | |
| Nombre personal | Cabanat, Martine |
| 245 ## - Título propiamente dicho | |
| Título | Las energías renovables |
| 260 ## - Pie de imprenta | |
| Lugar de publicación, distribución, etc. | España |
| 260 ## - Pie de imprenta | |
| Nombre del editor, distribuidor, etc. | Editorial Everest |
| 260 ## - Pie de imprenta | |
| Fecha de publicación, distribución, etc. | 1981 |
| 300 ## - Descripción física | |
| Extensión | 65 páginas |
| 440 ## - Declaración de serie/asiento adicional--título | |
| Título de la serie | Colección Saber más |
| 650 ## - Materia general | |
| Temática (materia general) | ENERGÍA |
| 650 ## - Materia general | |
| Temática (materia general) | ENERGÍA RENOVABLE |
| 650 ## - Materia general | |
| Temática (materia general) | ENERGÍA SOLAR |
| 650 ## - Materia general | |
| Temática (materia general) | ENERGÍA GEOTÉRMICA |
| 650 ## - Materia general | |
| Temática (materia general) | ENERGÍA EÓLICA |
| 650 ## - Materia general | |
| Temática (materia general) | ENERGÍAS FÓSILES |
| 942 ## - Punto de acceso adicional KOHA | |
| Tipo de ítem KOHA | Libro |
| Fuente del sistema de clasificación o colocación | Dewey Decimal Classification |
| Signatura completa | Código de barras | Tipo de ítem |
|---|---|---|
| 333.794 C114e | 3457 | Libro |